BIBLIOTECA

SENCICO

Medición de la concentración Bancaria en el Perú (Registro nro. 2966)

Detalles MARC
000 -LEADER
fixed length control field 00380nam a2200157Ia 4500
005 - DATE AND TIME OF LATEST TRANSACTION
control field 20251020182558.0
008 - FIXED-LENGTH DATA ELEMENTS--GENERAL INFORMATION
fixed length control field 200515s9999 xx 000 0 und d
082 ## - DEWEY DECIMAL CLASSIFICATION NUMBER
Classification number SC/330.11/U42
110 ## - MAIN ENTRY--CORPORATE NAME
Corporate name or jurisdiction name as entry element Universidad del Pacífico
245 #0 - TITLE STATEMENT
Title Medición de la concentración Bancaria en el Perú
260 ## - PUBLICATION, DISTRIBUTION, ETC.
Place of publication, distribution, etc. Lima
260 ## - PUBLICATION, DISTRIBUTION, ETC.
Date of publication, distribution, etc. 1979
300 ## - PHYSICAL DESCRIPTION
Extent 165
650 ## - SUBJECT ADDED ENTRY--TOPICAL TERM
Topical term or geographic name entry element BANCOS
942 ## - ADDED ENTRY ELEMENTS (KOHA)
Koha item type Libros
Existencias
Fecha de la última vez que lo usaron Pago total Signatura topográfica completa Código de barras Precio efectivo desde Tipo de documento Estado perdido Estado dañado No es para préstamo Retirado Ubicación permanente Ubicación actual Fecha de adquisición
15/05/2020   SC/330.11/U42 Bib-Lima15052966 15/05/2020 Libros         Biblioteca Central Lima Biblioteca Central Lima 15/05/2020